LIBRARY ONLINE CATALOGUE

Treasure Island (Record no. 17850)

MARC details
000 -LEADER
fixed length control field 00504nam a22001817a 4500
008 - FIXED-LENGTH DATA ELEMENTS--GENERAL INFORMATION
fixed length control field 190720b xxu||||| |||| 00| 0 eng d
020 ## - INTERNATIONAL STANDARD BOOK NUMBER
International Standard Book Number 1842054058
040 ## - CATALOGING SOURCE
Original cataloging agency KABU
Transcribing agency KABU
050 ## - LIBRARY OF CONGRESS CALL NUMBER
Classification number PZ7
Item number .S74 2004 c. 1
100 ## - MAIN ENTRY--PERSONAL NAME
Personal name Stevenson, Robert Louis
245 ## - TITLE STATEMENT
Title Treasure Island
260 ## - PUBLICATION, DISTRIBUTION, ETC. (IMPRINT)
Place of publication, distribution, etc. Scotland
Name of publisher, distributor, etc. Geddes & Grosset
Date of publication, distribution, etc. 2004
300 ## - PHYSICAL DESCRIPTION
Extent 192 p.
650 ## - SUBJECT ADDED ENTRY--TOPICAL TERM
Topical term or geographic name as entry element Burried treasure
General subdivision Fiction
650 ## - SUBJECT ADDED ENTRY--TOPICAL TERM
Topical term or geographic name as entry element Pirates
General subdivision Fiction
650 ## - SUBJECT ADDED ENTRY--TOPICAL TERM
Topical term or geographic name as entry element Adventure and adventures
General subdivision Fiction
942 ## - ADDED ENTRY ELEMENTS (KOHA)
Source of classification or shelving scheme Library of Congress Classification
Koha item type General Collection
Classification part PZ7
Holdings
Withdrawn status Lost status Source of classification or shelving scheme Not for loan Home library Current library Date acquired Cost, normal purchase price Total Checkouts Full call number Barcode Date last seen Copy number Price effective from Koha item type
    Library of Congress Classification   Kabarak, Nakuru City Campus Kabarak, Nakuru City Campus 20/07/2019 3999.00   PZ7 .S74 2004 c. 1 022604 20/07/2019 c. 1 20/07/2019 General Collection